Paroles de chanson : L'hymne de nos campagnes - Statistiques

Statistiques générales
  • Ce quiz a été pris 174 fois
  • Le résultat moyen est 318 sur 459
Statistiques - réponses
Mots % Correct
ce
99%
de
99%
à
96%
a
96%
ça
96%
nos
96%
campagnes
94%
animal
93%
du
93%
le
93%
l'hymne
93%
vie
92%
la
91%
91%
monde
91%
rivière
91%
te
91%
tes
91%
ces
89%
man
89%
montagnes
88%
C'est
85%
c'est
85%
es
82%
rivieres
82%
rivières
82%
un
82%
tu
81%
dans
80%
une
80%
y
79%
cordes
78%
Si
78%
si
78%
vocales
78%
fort
77%
HLM
77%
je
76%
bien
75%
75%
ne
75%
use
75%
des
74%
poème
74%
cité
73%
en
73%
crie
72%
dedicace
71%
Et
70%
et
70%
fond
70%
est
69%
les
69%
qu'au
69%
il
68%
que
68%
voir
68%
faire
67%
chose
66%
esperant
66%
part
66%
petit
66%
puisses
66%
qui
66%
yeux
66%
brin
64%
d'herbe
63%
d'un
63%
choses
62%
grand
62%
rose
62%
temps
61%
ternes
61%
toi
61%
d'une
60%
parfum
60%
pause
60%
cette
58%
rien
58%
as
56%
56%
sa
56%
faut
55%
morose
55%
n'a
55%
pas
55%
sur
55%
contre
54%
dis
52%
mer
52%
écoute
50%
l'eau
50%
mais
50%
près
50%
mans
46%
troquer
46%
mains
45%
terre
45%
va
45%
Assieds
44%
chêne
43%
d'éphémère
42%
écureuil
41%
meme
41%
boulot
40%
bout
40%
vieux
40%
humaine
39%
n'es
39%
pour
39%
quelque
39%
chanter
38%
coulis
38%
plus
38%
race
38%
compare
37%
peut
37%
servira
37%
être
36%
maison
36%
refrain
36%
shit
36%
son
36%
vite
36%
alors
35%
comme
35%
coule
35%
mets
35%
qu'il
35%
ailleurs
34%
comprendras
34%
neurones
34%
odeur
34%
partout
34%
regarde
34%
tout
34%
vient
34%
celui
33%
n'agite
33%
retiens
33%
retourne
33%
demain
32%
diplomes
32%
verras
32%
coups
31%
hache
31%
jusqu'à
31%
matin
31%
mérite
31%
n'as
31%
seuil
31%
vivre
31%
avant
30%
Hey
30%
l'oxygène
30%
t'amène
30%
zone
30%
cônes
29%
sois
29%
Lève
28%
premier
28%
quand
28%
tête
28%
t'il
28%
ton
28%
dire
27%
forêt
27%
orgueil
27%
béton
26%
fait
26%
liquide
26%
parle
26%
rire
25%
feuilles
24%
avenir
23%
envie
23%
respires
23%
tous
23%
animaux
20%
m'écoutes
20%
mes
20%
car
18%
marmots
18%
croissance
16%
saignent
16%
captes
15%
ici
15%
j'aimerais
15%
message
15%
mots
15%
roseau
14%
tige
12%
lopin
11%
Aucun quiz correspondant
Distribution des résultats
% des personnes avec chaque résultat
Percentile par nombre de réponses
Votre historique - résultats
Vous n’avez pas pris ce quiz